01510nam a2200241 a 4500001000200000003000400002005001700006007000200023008004000025020001500065040002600080082002800106100003300134245005100167260004200218300003600260500007000296505074400366600003001110610004301140650002501183650006001208 OSt20211108124754.0 090130s2001 dr ac 000 0 spa d a9993476048 aDO-SdBNPbspacBPMSU  4a324.22bG377e, 20012221 aGerónimo, Joaquínd1955-10aEn el nombre de Bosch /cJoaquín Gerónimo. aSanto Domingo :bAlfa & Omega, c2001 a285 p. :bil., retrs. ;c23 cm. aIncluye datos biográficos del autor en la solapa de la cubierta0 tLa percepción de Joaquín Gerónimo: en el nombre de Bosch --tNota del autor --gI.tBajo el signo de La Habana --gII.tEn el vórtice de la guerra fría --gIII.tAvanzar sobre campos minados --gIV.tEL camino era el socialismo --gV.tEn guerra contra el populismo --gVI.tVolver al escenario electoral --gVII.tLa batalla decisiva --gVIII. De jinete a cabalgadura --tIX. Mirando el agua correr bajo los puentes --gX.tRumbo al puerto de origen --tepílogo [traspaso de antorcha] --tApéndice: cronología personal, nacional y mundial --tCarta del autor al presidente de la República, doctor Leonel Fernández --tPremisas fundamentales --tHay que tener cuidado con el populismo --tEl PLD en busca de su destino.10a Bosch, Juan, d1909-20012 aPartido de la Liberación Dominicana  4aLiderazgo político 4aRepública DominicanaxPolítica y gobiernoySiglo XX